<?xml version="1.0" encoding="UTF-8"?>
<record
    xmlns:xsi="http://www.w3.org/2001/XMLSchema-instance"
    xsi:schemaLocation="http://www.loc.gov/MARC21/slim http://www.loc.gov/standards/marcxml/schema/MARC21slim.xsd"
    xmlns="http://www.loc.gov/MARC21/slim">

  <leader>00493nam a22001457a 4500</leader>
  <datafield tag="999" ind1=" " ind2=" ">
    <subfield code="c">122197</subfield>
    <subfield code="d">122197</subfield>
  </datafield>
  <controlfield tag="005">20210505115627.0</controlfield>
  <controlfield tag="008">210505b           ||||| |||| 00| 0 eng d</controlfield>
  <datafield tag="040" ind1=" " ind2=" ">
    <subfield code="c">PK-LaUMT</subfield>
  </datafield>
  <datafield tag="082" ind1=" " ind2=" ">
    <subfield code="a">RHC 891.4393</subfield>
    <subfield code="b">SAJ-K</subfield>
  </datafield>
  <datafield tag="100" ind1=" " ind2=" ">
    <subfield code="a">Sajjad Haider Yaldram, Syed = &#x633;&#x62C;&#x627;&#x62F; &#x62D;&#x6CC;&#x62F;&#x631; &#x6CC;&#x644;&#x62F;&#x631;&#x645;&#x60C; &#x633;&#x6CC;&#x62F;</subfield>
  </datafield>
  <datafield tag="245" ind1=" " ind2=" ">
    <subfield code="a">Khiyalistan =  &#x62E;&#x6CC;&#x627;&#x644;&#x633;&#x62A;&#x627;&#x646; /</subfield>
    <subfield code="c">by Syed Sajjad Haider Yaldram = &#x633;&#x6CC;&#x62F; &#x633;&#x62C;&#x627;&#x62F; &#x62D;&#x6CC;&#x62F;&#x631; &#x6CC;&#x644;&#x62F;&#x631;&#x645;</subfield>
  </datafield>
  <datafield tag="260" ind1=" " ind2=" ">
    <subfield code="a">Lahore :</subfield>
    <subfield code="b">Taj Book Depot,</subfield>
    <subfield code="c">1976</subfield>
  </datafield>
  <datafield tag="300" ind1=" " ind2=" ">
    <subfield code="a">288 p.</subfield>
  </datafield>
  <datafield tag="942" ind1=" " ind2=" ">
    <subfield code="c">BK</subfield>
  </datafield>
  <datafield tag="952" ind1=" " ind2=" ">
    <subfield code="0">0</subfield>
    <subfield code="1">0</subfield>
    <subfield code="4">0</subfield>
    <subfield code="7">0</subfield>
    <subfield code="a">01</subfield>
    <subfield code="b">01</subfield>
    <subfield code="d">2021-05-05</subfield>
    <subfield code="l">0</subfield>
    <subfield code="o">RHC 891.4393 SAJ-K</subfield>
    <subfield code="p">137138</subfield>
    <subfield code="r">2021-05-05 00:00:00</subfield>
    <subfield code="w">2021-05-05</subfield>
    <subfield code="y">BK</subfield>
  </datafield>
</record>
